A first course in real analysis.

محفوظ في:
التفاصيل البيبلوغرافية
المؤلف الرئيسي: Berberian, Sterling K (مؤلف)
التنسيق: غير معروف
منشور في: New York, USA: Springer, 1994.
سلاسل:Undergraduate Texts in Mathematics.
الموضوعات:
الوسوم: إضافة وسم
لا توجد وسوم, كن أول من يضع وسما على هذه التسجيلة!

MARC

LEADER 00000 a2200000 4500
003 CL-VaPUC
005 20240624113352.0
008 240618t1994 ||||| |||| 00| 0 eng d
999 |c 443644  |d 443642 
020 |a 9780387942179 
040 |c Pontificia Universidad Católica de Valparaíso 
082 7 |a 515.8 BER 1994  |2 22 
100 |a Berberian, Sterling K  |9 305110  |e author 
245 |a A first course in real analysis.  
260 |a New York, USA:  |b Springer,  |c 1994. 
300 |a xi, 237 páginas :  |b  19 ilustraciones.  
490 |a Undergraduate Texts in Mathematics.  
583 |k GC  |c 20240618 
650 0 |a Análisis matemático   |9 260146 
650 0 |a Números reales   |9 270334 
942 |2 ddc  |c BK 
952 |0 0  |1 0  |2 ddc  |4 0  |6 515_800000000000000_BER_1994  |7 0  |8 A  |9 595119  |a BIBMAT  |b BIBMAT  |d 2024-06-18  |e 13  |g 64498.00  |i 5661544  |l 1  |o 515.8 BER 1994  |p 5661544  |q 2025-05-12  |r 2025-04-04  |s 2025-04-04  |t 1  |v 64498.00  |w 2024-06-18  |y BK  |k MAT